| 000 | 01130 a2200217 4500 | ||
|---|---|---|---|
| 001 | 48363 | ||
| 005 | 20260407155748.0 | ||
| 008 | 260407a1945 arg spa d | ||
| 003 | AR-UNSa-BCEJYS | ||
| 040 |
_aAR-UNSa-BCEJYS _bspa _cAR-UNSa-BCEJYS |
||
| 080 |
_a330.101 _xCiencia económica en general. La economía y sus problemas. Objeto y métodos de la economía política |
||
| 245 | 1 | 0 | _aEconomía Política y Capitalismo |
| 264 | 1 |
_aMéxico : _bFondo de Cultura Económica _c1945 |
|
| 300 |
_a252 p. _c21 cm. |
||
| 505 | _a 1. Requisitos de una teoría de valor - 2. La economía política clásica - 3. La economía política clásica y Marx - 4. Las crisis económicas - 5. La tendencia de la economía moderna - 6. Fricciones y expectativas: algunas tendencias recientes de la teoría económica - 7. Imperialismo - 8. El problema de la ley económica en una economía socialista | ||
| 942 | _cBK | ||
| 590 | _aniveau_biblio:m niveau_hierar:0 | ||
| 100 | 1 | _aDobb, Maurice | |
| 700 | 1 | _aMartínez Adame, Emigdio | |
| 856 | 4 | 1 |
_uhttps://www.biblioeco.unsa.edu.ar/pmb/images/libros/L24421.jpg _yImagen de portada _qimage/jpeg |
| 999 |
_c4573 _d4573 |
||